[Event "AUTO-OPEN-3066"]
[Site "http://www.queenalice.com/game.php?id=1211834"]
[Date "2013.8.27"]
[Round "1"]
[White "gustavo12345678"]
[Black "rafaelmatos20"]
[Result "0-1"]
[WhiteElo "1500"]
[BlackElo "1174"]

1. e4 e5 2. Nf3 Nc6 3. Bb5 a6 4. Bxc6 dxc6 5. Nxe5 Nf6 6. d3 h6 7. Nc3 Bc5 8. a3
Qd4 9. O-O Qxe5 10. Ne2 Ng4 11. d4 Qxh2# 0-1

[Event "AUTO-OPEN-3066"]
[Site "http://www.queenalice.com/game.php?id=1211835"]
[Date "2013.8.27"]
[Round "1"]
[White "rafaelmatos20"]
[Black "gustavo12345678"]
[Result "1-0"]
[WhiteElo "1354"]
[BlackElo "1332"]

1. e4 e5 2. Nc3 Nf6 3. Nf3 Bb4 4. a3 Bxc3 5. dxc3 Nxe4 6. Bd3 Ng5 7. Bxg5 f6 8.
Bd2 d5 9. O-O e4 10. Qe1 O-O 11. Nd4 f5 12. Be2 f4 13. f3 exf3 14. Bxf3 Na6 15.
c4 dxc4 16. Ne6 Bxe6 17. Qxe6+ Kh8 18. Bxb7 Re8 19. Qxa6 Qd4+ 20. Rf2 Rad8 21.
Bc3 Qc5 22. b4 Qe3 23. Qxc4 Re4 24. Bxe4 h5 25. Re1 Qb6 26. h3 Re8 27. Kh2 Qxf2
28. Qf7 Rg8 29. Bd5 Rd8 30. Qxg7# 1-0

[Event "A Natureza está sempre à favor"]
[Site "http://www.queenalice.com/game.php?id=1212563"]
[Date "2013.8.29"]
[Round "-"]
[White "gustavo12345678"]
[Black "jeancarlo1910"]
[Result "0-1"]
[WhiteElo "1199"]
[BlackElo "1697"]

1. e4 c5 2. Qh5 e6 3. Nf3 Nf6 4. Qh3 Nxe4 5. Ne5 Nf6 6. d3 Nc6 7. Nxc6 bxc6 8.
Bg5 Be7 9. Bxf6 Bxf6 10. Na3 Bxb2 11. Rb1 Bxa3 12. Rb3 Bc1 13. Qg3 Bh6 14. Rb8
Rxb8 15. Qxb8 Qa5+ 16. Kd1 Qd2# 0-1

[Event "AUTO-OPEN-3068"]
[Site "http://www.queenalice.com/game.php?id=1213142"]
[Date "2013.8.30"]
[Round "1"]
[White "AndreChess"]
[Black "gustavo12345678"]
[Result "0-1"]
[WhiteElo "1345"]
[BlackElo "1289"]

1. e4 d5 2. exd5 Qxd5 3. Nc3 Qd8 4. Bc4 Be6 5. Bxe6 fxe6 6. d3 Nc6 7. Nge2 Nd4
8. O-O Nf6 9. Nxd4 Qxd4 10. Nb5 Qd7 11. Bf4 Qxb5 12. b3 O-O-O 13. Qd2 h6 14. Qc3
Nd5 15. Qd2 g5 16. Be5 Rg8 17. c4 Qd7 18. cxd5 Qxd5 19. Qc3 Rd7 20. f4 gxf4 21.
Rxf4 Qxg2# 0-1

[Event "AUTO-OPEN-3068"]
[Site "http://www.queenalice.com/game.php?id=1213143"]
[Date "2013.8.30"]
[Round "1"]
[White "gustavo12345678"]
[Black "AndreChess"]
[Result "1-0"]
[WhiteElo "1284"]
[BlackElo "922"]

1. e4 e5 2. Qh5 d6 3. Bc4 g6 4. Qd1 Bg7 5. Nc3 Nc6 6. Qf3 f6 7. Nge2 Nb4 8. d4
Nxc2+ 9. Kd1 Nxa1 10. dxe5 fxe5 11. Qf7# 1-0

[Event "AUTO-OPEN-3068"]
[Site "http://www.queenalice.com/game.php?id=1213164"]
[Date "2013.8.30"]
[Round "1"]
[White "Betim_Xadrez"]
[Black "gustavo12345678"]
[Result "1-0"]
[WhiteElo "1903"]
[BlackElo "1281"]

1. e4 d5 2. exd5 Qxd5 3. Nc3 Qd8 4. Nf3 Bg4 5. Bc4 Bxf3 6. Qxf3 Nh6 7. Qxb7 Nd7
8. d3 Rb8 9. Qf3 e6 10. O-O Ne5 11. Qe4 Bd6 12. Bxh6 gxh6 13. Bb3 Ng6 14. Rfe1
Rb4 15. Qc6+ Kf8 16. Ne4 Rb6 17. Qc3 1-0

[Event "AUTO-OPEN-3068"]
[Site "http://www.queenalice.com/game.php?id=1213165"]
[Date "2013.8.30"]
[Round "1"]
[White "gustavo12345678"]
[Black "Betim_Xadrez"]
[Result "0-1"]
[WhiteElo "1281"]
[BlackElo "1905"]

1. e4 e5 2. Nf3 Nc6 3. d4 exd4 4. Nxd4 Bc5 5. Nb3 Bb6 6. Bb5 Nf6 7. Bxc6 bxc6 8.
e5 Qe7 9. Bf4 O-O 10. O-O Nd5 11. Bc1 Qxe5 12. Re1 Qf6 13. Re2 d6 14. Bd2 Qg6
15. Nc3 Bh3 16. g3 h5 17. Nxd5 cxd5 0-1

[Event "AUTO-OPEN-3068"]
[Site "http://www.queenalice.com/game.php?id=1213176"]
[Date "2013.8.30"]
[Round "1"]
[White "APSHOOTER"]
[Black "gustavo12345678"]
[Result "1-0"]
[WhiteElo "1613"]
[BlackElo "1137"]

1. e4 d5 2. e5 Nc6 3. d4 f6 4. Nf3 Bg4 5. Be2 Bxf3 6. Bxf3 fxe5 7. O-O exd4 8.
Bg5 h6 9. Bh4 g5 10. Bg3 Nf6 11. Bh5+ Kd7 12. Bf7 a5 13. Qe2 Rh7 14. Qe6# 1-0

[Event "AUTO-OPEN-3068"]
[Site "http://www.queenalice.com/game.php?id=1213177"]
[Date "2013.8.30"]
[Round "1"]
[White "gustavo12345678"]
[Black "APSHOOTER"]
[Result "0-1"]
[WhiteElo "1309"]
[BlackElo "1613"]

1. e4 e5 2. d4 Bb4+ 3. c3 Bd6 4. dxe5 Bxe5 5. Qh5 Qf6 6. Bg5 Qg6 7. Qxg6 hxg6 8.
Nf3 Bf6 9. Bxf6 Nxf6 10. e5 Nd5 11. Ng5 f6 12. exf6 gxf6 13. Nf3 Nc6 14. Bc4 Nb6
15. b3 Nxc4 16. bxc4 d6 17. Nbd2 Bg4 18. Nd4 Nxd4 19. cxd4 O-O-O 20. Ne4 Rde8
21. f3 f5 22. fxg4 Rxe4+ 23. Kf1 Rxd4 24. h3 fxg4 25. Rc1 Rf8+ 26. Kg1 g3 27. h4
Rf2 28. Rh3 Rxa2 29. Rxg3 Rxh4 30. Rxg6 Kd7 31. g3 Rhh2 32. Rg7+ Kc6 33. Rf7
Rag2+ 34. Kf1 Rxg3 35. c5 Rh1+ 36. Kf2 Rxc1 37. Kxg3 Rxc5 38. Rf8 a5 39. Ra8 b6
40. Kf4 Re5 41. Rf8 a4 42. Ra8 b5 43. Kg4 d5 44. Kf3 Kc5 45. Kf4 Re4+ 0-1

[Event "AUTO-OPEN-3070"]
[Site "http://www.queenalice.com/game.php?id=1213737"]
[Date "2013.9.2"]
[Round "1"]
[White "gustavo12345678"]
[Black "Andrez"]
[Result "0-1"]
[WhiteElo "1238"]
[BlackElo "1969"]

1. e4 e5 2. Nf3 Nc6 3. Bb5 d6 4. Bxc6+ bxc6 5. O-O Be7 6. d4 exd4 7. Nxd4 Bb7 8.
f3 Nf6 9. Bg5 O-O 10. Nc3 h6 11. Bxf6 Bxf6 12. h3 c5 13. Ndb5 a6 14. Na3 Bxc3
15. bxc3 Qg5 16. Nc4 a5 17. Qd2 Qf6 18. Rfe1 Rfe8 19. Qd3 a4 20. Ne3 a3 21. Ng4
Qf4 22. Rab1 Bc6 23. Rb3 f5 24. Qc4+ Kh7 0-1

[Event "AUTO-OPEN-3070"]
[Site "http://www.queenalice.com/game.php?id=1213738"]
[Date "2013.9.2"]
[Round "1"]
[White "Andrez"]
[Black "gustavo12345678"]
[Result "1-0"]
[WhiteElo "1965"]
[BlackElo "1289"]

1. f4 d5 2. Nf3 Bg4 3. e3 Bxf3 4. Qxf3 Nc6 5. b3 d4 6. Bb2 dxe3 7. dxe3 Nh6 8.
Bb5 Qd6 9. O-O O-O-O 10. Nc3 Nb4 11. Rad1 Qc5 12. Rxd8+ Kxd8 13. Qxb7 Qxe3+ 14.
Kh1 Nxc2 15. Qb8# 1-0

[Event "AUTO-OPEN-3070"]
[Site "http://www.queenalice.com/game.php?id=1213739"]
[Date "2013.9.2"]
[Round "1"]
[White "gustavo12345678"]
[Black "carlosjvega"]
[Result "0-1"]
[WhiteElo "1302"]
[BlackElo "1901"]

1. e4 c5 2. Bc4 Nc6 3. Nc3 e6 4. Nb5 a6 5. Nc3 b5 6. Bf1 g6 7. Nf3 Bg7 8. Ne2
Nge7 9. d4 cxd4 10. Nfxd4 Nxd4 11. Nxd4 Bxd4 12. Qxd4 O-O 13. Bd2 f6 14. O-O-O
e5 15. Qc3 Bb7 16. Qb3+ Kg7 17. f4 exf4 18. Bxf4 Bxe4 19. Bd6 Re8 0-1

[Event "AUTO-OPEN-3070"]
[Site "http://www.queenalice.com/game.php?id=1213740"]
[Date "2013.9.2"]
[Round "1"]
[White "carlosjvega"]
[Black "gustavo12345678"]
[Result "1-0"]
[WhiteElo "1899"]
[BlackElo "1302"]

1. e4 d5 2. exd5 Qxd5 3. c4 Qd8 4. Nc3 Nf6 5. d4 Bg4 6. Be2 Bxe2 7. Ngxe2 e6 8.
O-O Bb4 9. a3 Bxc3 10. Nxc3 Nc6 11. Be3 O-O 12. d5 exd5 13. cxd5 Na5 14. b4 Nc4
15. a4 Nb2 16. Qd4 Nh5 17. Ne2 Nxa4 18. Rxa4 a6 19. Nf4 Nxf4 20. Bxf4 1-0